[Event "Solingen-ch"]
[Site "Solingen"]
[Date "2011.12.02"]
[Round "6.4"]
[White "Speck, Stefan"]
[Black "Pfeiffer, Michael"]
[Result "1/2-1/2"]
[WhiteElo "1987"]
[BlackElo "1890"]
[PlyCount "34"]
[EventDate "2011.??.??"]
[WhiteTeam "Schachclub Solingen 1928 e.V."]
[BlackTeam "Schachgesellschaft Solingen e.V."]

1. d4 Nf6 2. Nf3 g6 3. Nc3 d5 4. Bf4 c6 5. Qd2 Bg7 6. Ne5 Nbd7 7. h4 Ne4 8.
Nxe4 dxe4 9. Nxd7 Qxd7 10. e3 O-O 11. h5 Rd8 12. hxg6 hxg6 13. c3 c5 14. Qc2
cxd4 15. cxd4 b6 16. Qc7 Bb7 17. Qxd7 Rxd7 1/2-1/2

[Event "Solingen-ch"]
[Site "Solingen"]
[Date "2011.12.02"]
[Round "6.5"]
[White "Bashylin, Seva"]
[Black "Hoffmann, Frank"]
[Result "1-0"]
[WhiteElo "1669"]
[BlackElo "1845"]
[PlyCount "79"]
[EventDate "2011.??.??"]
[WhiteTeam "Schachgesellschaft Solingen e.V."]
[BlackTeam "Schachverein Springer 70 Hitdorf"]

1. e4 e6 2. d3 d5 3. Nd2 dxe4 4. dxe4 g6 5. Ngf3 Bg7 6. e5 Ne7 7. Bb5+ Bd7 8.
Qe2 O-O 9. b3 a6 10. Bxd7 Nxd7 11. Bb2 Nc6 12. O-O Re8 13. Rfd1 Qc8 14. Qe4 h6
15. Qf4 Ne7 16. Ne4 Nd5 17. Qh4 Qd8 18. Qh3 Qe7 19. c4 Nf4 20. Qg4 g5 21. h4 h5
22. Qxg5 Qxg5 23. Nexg5 Rad8 24. Ne4 Ng6 25. Nf6+ Nxf6 26. exf6 Bf8 27. g3 Bd6
28. Rd3 b6 29. Rad1 Rc8 30. Ng5 Ne5 31. Bxe5 Bxe5 32. Ne4 Rf8 33. b4 c6 34. Rd7
c5 35. bxc5 bxc5 36. Ra7 Rc6 37. Rdd7 Bd4 38. Ng5 Bxf6 39. Nxf7 Bg7 40. Nd8 1-0

[Event "Solingen-ch"]
[Site "Solingen"]
[Date "2011.12.02"]
[Round "6.6"]
[White "Reksten, Daniel"]
[Black "Sherif, Amina"]
[Result "1-0"]
[WhiteElo "1824"]
[BlackElo "1462"]
[PlyCount "81"]
[EventDate "2011.??.??"]
[WhiteTeam "Schachgesellschaft Solingen e.V."]
[BlackTeam "Schachgesellschaft Solingen e.V."]

1. d4 d5 2. c4 c6 3. e3 Nf6 4. Nf3 e6 5. Nbd2 Nbd7 6. Bd3 Be7 7. O-O O-O 8. b3
Re8 9. Bb2 Bd6 10. Ne5 Qc7 11. f4 c5 12. g4 g6 13. Rf3 Bxe5 14. fxe5 Nxg4 15.
Rg3 f5 16. h3 Ngf6 17. Kh2 Ne4 18. Nxe4 dxe4 19. Be2 Nf8 20. Qg1 Qa5 21. Bh5
Kf7 22. Rd1 Qxa2 23. Rg2 Qxb3 24. d5 Qxc4 25. Rgd2 exd5 26. Qg5 Be6 27. Qf6+
Kg8 28. Rxd5 gxh5 29. Rg1+ Ng6 30. Rxg6+ hxg6 31. Qxg6+ Kf8 32. Rd2 Re7 33. Rg2
a5 34. Qf6+ Ke8 35. Qh8+ Kd7 36. Qxa8 Qb5 37. Rd2+ Bd5 38. Rxd5+ Ke6 39. Rd6+
Kf7 40. Rf6+ Kg7 41. Qf8+ 1-0

[Event "Solingen-ch"]
[Site "Solingen"]
[Date "2011.12.02"]
[Round "6.7"]
[White "Falge, Rainer"]
[Black "Kissing, Bastian"]
[Result "1-0"]
[WhiteElo "1700"]
[BlackElo "1658"]
[PlyCount "31"]
[EventDate "2011.??.??"]
[WhiteTeam "Schachgesellschaft Solingen e.V."]
[BlackTeam "Schachclub Tornado Wuppertal 199"]

1. e4 c5 2. d4 cxd4 3. c3 dxc3 4. Nxc3 e6 5. Bc4 a6 6. Nf3 Nf6 7. e5 d5 8. exf6
dxc4 9. Qxd8+ Kxd8 10. Bg5 g6 11. O-O-O+ Nd7 12. Ne5 Ke8 13. Nxc4 b5 14. Nd6+
Bxd6 15. Rxd6 Bb7 16. Rhd1 1-0

[Event "Solingen-ch"]
[Site "Solingen"]
[Date "2011.12.02"]
[Round "6.8"]
[White "Reksten, Anne"]
[Black "Weyer, Norbert"]
[Result "1-0"]
[WhiteElo "1673"]
[BlackElo "1584"]
[PlyCount "79"]
[EventDate "2011.??.??"]
[WhiteTeam "Schachgesellschaft Solingen e.V."]
[BlackTeam "Mettmann-Sport e.V."]

1. c4 e5 2. g3 Nf6 3. Bg2 d5 4. cxd5 Nxd5 5. Nc3 Nb6 6. d3 c6 7. Nf3 f6 8. O-O
Be6 9. a3 N8d7 10. b4 a5 11. b5 Nd5 12. bxc6 Nxc3 13. cxd7+ Qxd7 14. Qd2 Na4
15. Rb1 Bd5 16. Rd1 b6 17. d4 e4 18. Ne1 Bd6 19. Nc2 Rc8 20. Bb2 Ba2 21. Bxe4
Bxb1 22. Rxb1 Nxb2 23. Rxb2 Qc7 24. Kg2 O-O 25. Rb3 f5 26. Bd5+ Kh8 27. Ne3 a4
28. Rb1 f4 29. Nc4 fxg3 30. hxg3 Rxf2+ 31. Kxf2 Bxg3+ 32. Kg2 Bh4 33. Ne5 Rf8
34. Bf3 g5 35. Rc1 Qe7 36. Qb4 Qxb4 37. axb4 Rf4 38. e3 Rf8 39. b5 a3 40. Ra1
1-0

[Event "Solingen-ch"]
[Site "Solingen"]
[Date "2011.12.02"]
[Round "6.9"]
[White "Naundorf, Maik"]
[Black "Bauer, Matthias"]
[Result "1/2-1/2"]
[WhiteElo "2123"]
[BlackElo "1737"]
[PlyCount "142"]
[EventDate "2011.??.??"]
[WhiteTeam "Schachklub Königsspringer Iserlo"]
[BlackTeam "Schachverein Günnigfeld 1922 e.V"]

1. g3 d5 2. Nf3 c6 3. c4 e6 4. Bg2 f5 5. O-O Nf6 6. d3 Be7 7. Nc3 O-O 8. e4
dxc4 9. dxc4 Qxd1 10. Rxd1 Nbd7 11. exf5 exf5 12. Bf4 Nb6 13. b3 Bb4 14. Rac1
Be6 15. Bd6 Bxd6 16. Rxd6 Bf7 17. Rcd1 a5 18. Ng5 a4 19. Nxf7 Kxf7 20. c5 Nc8
21. R6d2 axb3 22. axb3 Ne7 23. Bf1 Kg6 24. Bc4 Ra3 25. Rd6 Rfa8 26. Kg2 Ra1 27.
R1d4 h5 28. Re6 Neg8 29. Rd7 R1a7 30. Rc7 Kh7 31. Bd3 Kg6 32. Ne2 Re8 33. Nf4+
Kh6 34. Bxf5 Rxe6 35. Bxe6 g5 36. Bxg8 Nxg8 37. Ne6 Nf6 38. Nd8 Ra2 39. Rxb7
Ne4 40. Rb6 Rxf2+ 41. Kg1 Rf6 42. b4 Nd2 43. Rxc6 Rxc6 44. Nxc6 Nb3 45. Na5 Nd4
46. c6 Nb5 47. Nb3 Kg6 48. Nd4 Na7 49. b5 Nc8 50. Kf2 Kf6 51. Ke3 Ke5 52. Kd3
Kd5 53. h4 gxh4 54. gxh4 Kc5 55. Ke4 Nd6+ 56. Kd3 Nc8 57. c7 Nd6 58. Ke3 Nc4+
59. Ke4 Nd6+ 60. Ke5 Nc8 61. Kf5 Kxd4 62. Kg5 Ke5 63. Kxh5 Kf5 64. Kh6 Kf6 65.
h5 Nb6 66. Kh7 Kf7 67. Kh8 Nc8 68. Kh7 Nb6 69. Kh6 Kf6 70. Kh7 Kf7 71. Kh6 Kf6
1/2-1/2

[Event "Solingen-ch"]
[Site "Solingen"]
[Date "2011.12.02"]
[Round "6.10"]
[White "Winkler, Fabian"]
[Black "Nguyen, Philipp"]
[Result "1-0"]
[WhiteElo "1969"]
[BlackElo "1108"]
[PlyCount "125"]
[EventDate "2011.??.??"]
[WhiteTeam "Schachgesellschaft Solingen e.V."]
[BlackTeam "Schachgesellschaft Solingen e.V."]

1. d4 Nf6 2. c4 g6 3. Nc3 Bg7 4. e4 d6 5. Be2 O-O 6. Nf3 e5 7. d5 Nh5 8. O-O f5
9. Nd2 Nf6 10. Rb1 a5 11. a3 Na6 12. b4 axb4 13. axb4 Bd7 14. f3 f4 15. Ba3 b6
16. Qc2 Qe7 17. Nb3 g5 18. Nb5 h5 19. c5 h4 20. h3 Nh5 21. Bd3 Qd8 22. cxd6
Bxb5 23. Bxb5 cxd6 24. Qb2 Nc7 25. Bd3 Qd7 26. b5 Rfc8 27. Rfc1 Bf8 28. Rc6
Rab8 29. Nd2 Ne8 30. Nc4 Rxc6 31. bxc6 Qc7 32. Qb5 Be7 33. Bb2 Nhf6 34. Ra1 Bd8
35. Bc3 Kf7 36. Be1 Kg6 37. Bf2 Qc8 38. Nxb6 Bxb6 39. Bxb6 Nc7 40. Qa5 Ra8 41.
Qc3 Rxa1+ 42. Qxa1 Nfe8 43. Qa5 Kf6 44. Qa7 Qa8 45. Qxa8 Nxa8 46. Bd8+ Kg6 47.
Ba6 Nac7 48. Bc8 Nb5 49. Kf2 Nbc7 50. Ke2 Kh5 51. Bd7 Kg6 52. Bxe8+ Nxe8 53. c7
Nxc7 54. Bxc7 Kf6 55. Bxd6 Kf7 56. Bxe5 Ke7 57. Kd3 Kf7 58. Kd4 Ke7 59. Kc5 Kd7
60. Bf6 Kc7 61. e5 Kd7 62. e6+ Kc7 63. d6+ 1-0

[Event "Solingen-ch"]
[Site "Solingen"]
[Date "2011.12.02"]
[Round "6.11"]
[White "Porstmann, Jan"]
[Black "Andrae, Philipp"]
[Result "1/2-1/2"]
[WhiteElo "1616"]
[BlackElo "1908"]
[PlyCount "30"]
[EventDate "2011.??.??"]
[WhiteTeam "Schachgesellschaft Solingen e.V."]
[BlackTeam "Schachgesellschaft Solingen e.V."]

1. e4 c5 2. Nf3 d6 3. d4 cxd4 4. Nxd4 Nf6 5. Nc3 a6 6. Be3 e5 7. Nb3 Be6 8. f3
Be7 9. Qd2 O-O 10. O-O-O b5 11. g4 Nbd7 12. h4 b4 13. Nd5 Bxd5 14. exd5 Nb6 15.
Bxb6 Qxb6 1/2-1/2

[Event "Solingen-ch"]
[Site "Solingen"]
[Date "2011.12.02"]
[Round "6.12"]
[White "Gwiazda, Slawomir"]
[Black "Kublanov, Carolin"]
[Result "1-0"]
[WhiteElo "1982"]
[BlackElo "978"]
[PlyCount "91"]
[EventDate "2011.??.??"]
[WhiteTeam "Vohwinkeler Schachclub von 1929"]
[BlackTeam "Schachgesellschaft Solingen e.V."]

1. c4 e5 2. g3 Nc6 3. Bg2 Nf6 4. Nc3 Bc5 5. e3 O-O 6. Nge2 d6 7. O-O Bf5 8. d4
Bb4 9. a3 Bxc3 10. Nxc3 Qd7 11. Re1 Bg4 12. Qd2 Rfe8 13. d5 Ne7 14. b4 c6 15.
dxc6 Nxc6 16. Bb2 a6 17. Rac1 h6 18. Na4 Qd8 19. h3 Be6 20. Red1 Ne7 21. Qxd6
Qxd6 22. Rxd6 b5 23. Bxa8 Rxa8 24. Nb6 Rb8 25. Bxe5 Rb7 26. Bxf6 gxf6 27. Nd5
bxc4 28. Nxe7+ Rxe7 29. Rxa6 Rd7 30. Rxe6 fxe6 31. Rxc4 Ra7 32. Rc3 Kg7 33. b5
Ra5 34. Rb3 Ra8 35. b6 Rb8 36. a4 Kf7 37. a5 Ke7 38. a6 Kd7 39. a7 Ra8 40. b7
Rxa7 41. b8=Q Ra1+ 42. Kg2 Ra2 43. Rb6 Rxf2+ 44. Kxf2 e5 45. Qa7+ Kd8 46. Rb8#
1-0

[Event "Solingen-ch"]
[Site "Solingen"]
[Date "2011.12.02"]
[Round "6.13"]
[White "Vranidis, Athanassios"]
[Black "Kublanov, Elizabeth"]
[Result "1-0"]
[WhiteElo "1740"]
[BlackElo "863"]
[PlyCount "87"]
[EventDate "2011.??.??"]
[WhiteTeam "Schachgesellschaft Solingen e.V."]
[BlackTeam "Schachgesellschaft Solingen e.V."]

1. d4 d5 2. c4 e6 3. Nc3 Nf6 4. cxd5 Nxd5 5. e4 Nxc3 6. bxc3 Nc6 7. Nf3 Be7 8.
Bd3 O-O 9. O-O b6 10. e5 Bb7 11. Qc2 g6 12. Bh6 Re8 13. Rfe1 Bh4 14. Re4 Nxe5
15. Nxe5 Bxe4 16. Bxe4 Rb8 17. Nc6 Qf6 18. Nxb8 Rxb8 19. g3 Bg5 20. Bxg5 Qxg5
21. Qd3 Rd8 22. Qe3 Qa5 23. h4 c5 24. Qg5 Re8 25. dxc5 Qxc3 26. Rc1 Qd4 27. Qe3
bxc5 28. Rxc5 Qa1+ 29. Kg2 Qxa2 30. h5 f5 31. Bc6 Rd8 32. hxg6 hxg6 33. Qg5 Rd2
34. Qxg6+ Kh8 35. Qh6+ Kg8 36. Qe3 Re2 37. Qf3 Qd2 38. Bb5 Qd4 39. Rc8+ Kg7 40.
Qxe2 Qd5+ 41. Qf3 Qxb5 42. Qc3+ Kg6 43. Rg8+ Kf7 44. Qg7# 1-0

[Event "Solingen-ch"]
[Site "Solingen"]
[Date "2011.12.02"]
[Round "6.14"]
[White "Duexmann, Marcel"]
[Black "Barche, Robert"]
[Result "1-0"]
[WhiteElo "1717"]
[BlackElo "982"]
[PlyCount "41"]
[EventDate "2011.??.??"]
[WhiteTeam "Schachclub Solingen 1928 e.V."]
[BlackTeam "Schachgesellschaft Solingen e.V."]

1. d4 e6 2. c4 d5 3. e3 c5 4. Nf3 Nc6 5. Nc3 Nf6 6. a3 Qb6 7. dxc5 Bxc5 8. cxd5
Ne7 9. Bb5+ Kf8 10. dxe6 Bxe6 11. O-O g6 12. b4 Bd6 13. Bb2 Kg7 14. Qe2 Rhd8
15. Ne4 Neg8 16. Nfg5 Bg4 17. f3 Bf5 18. Rac1 h6 19. Bd4 Bxe4 20. Bxb6 Bd3 21.
Bxd3 1-0

[Event "Solingen-ch"]
[Site "Solingen"]
[Date "2011.12.02"]
[Round "6.15"]
[White "Schubert, Stefan"]
[Black "Kublanov, Vladislav"]
[Result "0-1"]
[WhiteElo "949"]
[BlackElo "1621"]
[PlyCount "100"]
[EventDate "2011.??.??"]
[WhiteTeam "Schachgesellschaft Solingen e.V."]
[BlackTeam "Schachgesellschaft Solingen e.V."]

1. c4 c5 2. e4 Nc6 3. Nf3 d6 4. Be2 g6 5. d3 Bg7 6. Nc3 Nf6 7. O-O O-O 8. Be3
Ng4 9. d4 Nxe3 10. fxe3 cxd4 11. Nxd4 Nxd4 12. exd4 e6 13. Bg4 Qb6 14. Ne2 Qxb2
15. h3 b6 16. a4 Ba6 17. Rb1 Qa2 18. Nc3 Qxc4 19. Ne2 Qd3 20. Rb3 Qxe4 21. Rf4
Bxe2 22. Rxe4 Bxd1 23. Bxd1 d5 24. Rh4 f5 25. Rb4 g5 26. Rh5 h6 27. g4 Kh7 28.
h4 Kg6 29. hxg5 hxg5 30. Rh3 f4 31. Bc2+ Kf6 32. Kg2 Rh8 33. Bh7 Rac8 34. Rbb3
Rc4 35. a5 Rb8 36. Rhd3 b5 37. Rd1 a6 38. Ra3 Rbc8 39. Bb1 Ke7 40. Rad3 Rc3 41.
Rxc3 Rxc3 42. Rd3 Rxd3 43. Bxd3 Bxd4 44. Kf3 Bc3 45. Ke2 Bxa5 46. Kf1 e5 47.
Bf5 Kd6 48. Bc8 Kc5 49. Bxa6 e4 50. Kf2 b4 0-1

[Event "Solingen-ch"]
[Site "Solingen"]
[Date "2011.12.02"]
[Round "6.16"]
[White "Mueller, Ernst"]
[Black "Schubert, Florian"]
[Result "1-0"]
[WhiteElo "1510"]
[BlackElo "710"]
[PlyCount "69"]
[EventDate "2011.??.??"]
[WhiteTeam "Schachgesellschaft Solingen e.V."]
[BlackTeam "Schachgesellschaft Solingen e.V."]

1. e4 e5 2. Nf3 Nc6 3. Bc4 Nf6 4. Ng5 Qe7 5. Bxf7+ Kd8 6. Bd5 Nb4 7. Nf7+ Ke8
8. Nxh8 Nfxd5 9. exd5 Nxd5 10. O-O b6 11. Re1 Ba6 12. Qh5+ g6 13. Qxe5 c6 14.
Qxe7+ Nxe7 15. d3 Bg7 16. Nc3 Bxh8 17. Bg5 h5 18. Bxe7 Kf7 19. Bd6 Re8 20. Rxe8
Kxe8 21. Re1+ Kf7 22. Re7+ Kg8 23. Rxd7 c5 24. Rxa7 Bb5 25. Nxb5 Bxb2 26. Rb7
Bd4 27. Nxd4 cxd4 28. Rxb6 h4 29. Rb7 h3 30. a4 g5 31. a5 g4 32. a6 g3 33. Bxg3
hxg2 34. a7 Kf8 35. a8=Q# 1-0

[Event "Solingen-ch"]
[Site "Solingen"]
[Date "2011.12.02"]
[Round "6.18"]
[White "Sherif, Malik"]
[Black "Moeller, Laura"]
[Result "1-0"]
[WhiteElo "1052"]
[BlackElo "770"]
[PlyCount "85"]
[EventDate "2011.??.??"]
[WhiteTeam "Schachgesellschaft Solingen e.V."]
[BlackTeam "Schachgesellschaft Solingen e.V."]

1. Nf3 d5 2. g3 Nf6 3. Bg2 c6 4. O-O Bf5 5. d3 Nbd7 6. Bf4 e6 7. Nc3 Be7 8. Qd2
O-O 9. Rfe1 b5 10. Nd4 Qb6 11. Nxf5 exf5 12. Bh3 Bc5 13. e3 d4 14. Nd1 Nd5 15.
Bxf5 Bb4 16. c3 dxc3 17. bxc3 Bc5 18. Bxd7 Rad8 19. Bh3 Nxf4 20. exf4 b4 21.
Bg2 Qb5 22. c4 Qb6 23. Rb1 a5 24. a3 Qa6 25. Re5 Bd6 26. Re3 bxa3 27. Rc1 Bc5
28. Re5 Bb4 29. Nc3 Qb6 30. Re3 Bxc3 31. Rxc3 Rde8 32. Rxa3 Qb1+ 33. Bf1 Rxe3
34. Qxe3 Rb8 35. Rxa5 Qd1 36. Qa7 Rf8 37. Ra1 Qf3 38. Qe3 Qh5 39. Bg2 f6 40.
Bxc6 f5 41. Bd5+ Kh8 42. Qf3 Qh3 43. Ra8 1-0

[Event "Solingen-ch"]
[Site "Solingen"]
[Date "2011.12.16"]
[Round "7.1"]
[White "Zolfagharian, Kevin"]
[Black "Kniest, Oliver"]
[Result "0-1"]
[WhiteElo "1672"]
[BlackElo "2295"]
[PlyCount "72"]
[EventDate "2011.??.??"]
[WhiteTeam "Schachgesellschaft Solingen e.V."]
[BlackTeam "Schachgesellschaft Solingen e.V."]

1. e4 c5 2. Nf3 a6 3. Nc3 e6 4. d4 cxd4 5. Nxd4 Qc7 6. Be3 Bb4 7. Qd3 Nf6 8.
O-O-O Ng4 9. f4 Nxe3 10. Qxe3 Bxc3 11. bxc3 Nc6 12. g4 b5 13. Nxc6 Qxc6 14. f5
Bb7 15. Qd4 O-O 16. Bg2 Rac8 17. Rd3 d6 18. f6 Qc5 19. fxg7 Qg5+ 20. Kb1 Qxg7
21. Qxd6 Rxc3 22. Rxc3 Qxc3 23. Qf4 Rc8 24. Rc1 a5 25. Qg5+ Kf8 26. Qxb5 Ba6
27. Qb2 Qc7 28. Qa3+ Kg8 29. h3 Qe5 30. c3 Bd3+ 31. Ka1 Rb8 32. Rd1 Bc2 33. Rf1
a4 34. Bf3 Rc8 35. Bd1 Rxc3 36. Qb2 a3 0-1

[Event "Solingen-ch"]
[Site "Solingen"]
[Date "2011.12.16"]
[Round "7.4"]
[White "Reksten, Anne"]
[Black "Reksten, Daniel"]
[Result "0-1"]
[WhiteElo "1673"]
[BlackElo "1824"]
[PlyCount "68"]
[EventDate "2011.??.??"]
[WhiteTeam "Schachgesellschaft Solingen e.V."]
[BlackTeam "Schachgesellschaft Solingen e.V."]

1. c4 e5 2. Nc3 f5 3. g3 Nf6 4. Bg2 c6 5. d4 e4 6. f3 d5 7. cxd5 cxd5 8. a3 Bd6
9. Nh3 Nc6 10. Bf4 O-O 11. O-O Bxf4 12. Nxf4 g5 13. Nfxd5 Nxd5 14. Qb3 Be6 15.
fxe4 Nxd4 16. Qxb7 Rb8 17. Qa6 Ne3 18. Rf2 Rxb2 19. exf5 Nxg2 20. fxe6 Rxf2 21.
Kxf2 Qf6+ 22. Kg1 Ne3 23. Qc8+ Qf8 24. Qd7 Nxe2+ 25. Nxe2 Rxe2 26. Qf7+ Qxf7
27. exf7+ Kxf7 28. Rc1 Nc2 29. Rf1+ Kg6 30. a4 Re1 31. Rxe1 Nxe1 32. Kf2 Nd3+
33. Ke2 Nc5 34. a5 Nb3 0-1

[Event "Solingen-ch"]
[Site "Solingen"]
[Date "2011.12.16"]
[Round "7.5"]
[White "Bashylin, Seva"]
[Black "Falge, Rainer"]
[Result "1-0"]
[WhiteElo "1669"]
[BlackElo "1700"]
[PlyCount "61"]
[EventDate "2011.??.??"]
[WhiteTeam "Schachgesellschaft Solingen e.V."]
[BlackTeam "Schachgesellschaft Solingen e.V."]

1. e4 Nf6 2. e5 Nd5 3. d4 d6 4. Nf3 Bg4 5. Be2 Nd7 6. h3 Bh5 7. e6 fxe6 8. Ng5
Bxe2 9. Qxe2 N7f6 10. Qxe6 Qd7 11. Qf7+ Kd8 12. Ne6+ Kc8 13. Nxf8 Qe8 14. Qxe8+
Nxe8 15. Ne6 c6 16. Bd2 Ndc7 17. Nxc7 Kxc7 18. O-O Nf6 19. Re1 Rae8 20. Nc3
Rhf8 21. Ne4 Nd7 22. Ng5 e5 23. dxe5 Nxe5 24. f4 h6 25. fxe5 hxg5 26. exd6+
Kxd6 27. Bxg5 Re5 28. Rad1+ Ke6 29. Rxe5+ Kxe5 30. Rd2 Kf5 31. h4 1-0

[Event "Solingen-ch"]
[Site "Solingen"]
[Date "2011.12.16"]
[Round "7.7"]
[White "Winkler, Fabian"]
[Black "Naundorf, Maik"]
[Result "1/2-1/2"]
[WhiteElo "1969"]
[BlackElo "2123"]
[PlyCount "81"]
[EventDate "2011.??.??"]
[WhiteTeam "Schachgesellschaft Solingen e.V."]
[BlackTeam "Schachklub Königsspringer Iserlo"]

1. d4 Nf6 2. c4 g6 3. Nc3 d5 4. cxd5 Nxd5 5. e4 Nxc3 6. bxc3 Bg7 7. Bc4 O-O 8.
Be3 c5 9. Ne2 Nc6 10. O-O Qc7 11. Qd2 cxd4 12. cxd4 Nxd4 13. Bxf7+ Rxf7 14.
Bxd4 e5 15. Rac1 Qd7 16. Be3 Qxd2 17. Bxd2 Be6 18. Rc2 b5 19. Ba5 Rd7 20. Nc3
Rc8 21. Rb2 a6 22. a4 bxa4 23. Nxa4 Rd4 24. Rb4 Rxb4 25. Bxb4 Bf8 26. Bxf8 Kxf8
27. f3 Rc2 28. Ra1 Ke7 29. Nb6 Ra2 30. Rc1 Kd6 31. Nc8+ Bxc8 32. Rxc8 a5 33.
Rh8 a4 34. Rxh7 a3 35. Ra7 Ke6 36. Ra6+ Kf7 37. h4 Ra1+ 38. Kh2 a2 39. g4 Kg7
40. Kg2 Kf7 41. Kh2 1/2-1/2

[Event "Solingen-ch"]
[Site "Solingen"]
[Date "2011.12.16"]
[Round "7.9"]
[White "Andrae, Philipp"]
[Black "Kublanov, Vladislav"]
[Result "1/2-1/2"]
[WhiteElo "1908"]
[BlackElo "1621"]
[PlyCount "47"]
[EventDate "2011.??.??"]
[WhiteTeam "Schachgesellschaft Solingen e.V."]
[BlackTeam "Schachgesellschaft Solingen e.V."]

1. e4 c5 2. Nf3 Nc6 3. d4 cxd4 4. Nxd4 g6 5. c4 Bg7 6. Nxc6 bxc6 7. Qc2 d6 8.
Nc3 c5 9. g3 Nf6 10. Bg2 Rb8 11. O-O O-O 12. b3 Bb7 13. Bb2 Nd7 14. f4 Bd4+ 15.
Kh1 e6 16. Nb5 Qb6 17. Rad1 e5 18. Nc3 Bc6 19. Nd5 Bxd5 20. exd5 f5 21. fxe5
Bxb2 22. Qxb2 Nxe5 23. Rfe1 Rfe8 24. Qd2 1/2-1/2

[Event "Solingen-ch"]
[Site "Solingen"]
[Date "2011.12.16"]
[Round "7.10"]
[White "Bauer, Matthias"]
[Black "Mueller, Ernst"]
[Result "0-1"]
[WhiteElo "1737"]
[BlackElo "1510"]
[PlyCount "130"]
[EventDate "2011.??.??"]
[WhiteTeam "Schachverein Günnigfeld 1922 e.V"]
[BlackTeam "Schachgesellschaft Solingen e.V."]

1. d4 d5 2. Nf3 Nf6 3. e3 c6 4. Bd3 Bg4 5. Nbd2 Nbd7 6. O-O e5 7. dxe5 Nxe5 8.
Be2 Nxf3+ 9. Bxf3 Be6 10. b3 g6 11. Bb2 Bg7 12. Qe2 O-O 13. Rfd1 Qc7 14. c4
Rad8 15. cxd5 Nxd5 16. Bxg7 Kxg7 17. Rac1 Qe5 18. Nc4 Qf6 19. Na5 Nc3 20. Qb2
Nxd1 21. Qxf6+ Kxf6 22. Bxd1 Rd7 23. Bf3 Rfd8 24. g3 Bh3 25. Nc4 h5 26. Re1 Bg4
27. Bxg4 hxg4 28. Re2 b5 29. Na5 Rc7 30. b4 c5 31. bxc5 Rd1+ 32. Kg2 Rxc5 33.
Nb3 Re5 34. Rc2 Rdd5 35. Nd4 Rc5 36. Rd2 b4 37. Nb3 Red5 38. Re2 Rc3 39. Nd4 a5
40. Rb2 Kg7 41. Ne2 Rc4 42. Nf4 Rd1 43. Ne2 g5 44. Nd4 Kg6 45. Ne2 f5 46. f4
gxf3+ 47. Kxf3 g4+ 48. Kf2 Kf6 49. Nd4 Ke5 50. Nb5 Rcc1 51. a3 Rf1+ 52. Kg2
Rg1+ 53. Kf2 Rcf1+ 54. Ke2 Rg2+ 55. Kxf1 Rxb2 56. axb4 axb4 57. Kg1 Re2 58. Nd4
Rb2 59. Kf1 Ke4 60. Kg1 b3 61. Kh1 Rb1+ 62. Kg2 b2 63. Ne2 Kxe3 64. Nc3 Rc1 65.
Nd5+ Kd4 0-1

[Event "Solingen-ch"]
[Site "Solingen"]
[Date "2011.12.16"]
[Round "7.11"]
[White "Weyer, Norbert"]
[Black "Vranidis, Athanassios"]
[Result "0-1"]
[WhiteElo "1584"]
[BlackElo "1740"]
[PlyCount "58"]
[EventDate "2011.??.??"]
[WhiteTeam "Mettmann-Sport e.V."]
[BlackTeam "Schachgesellschaft Solingen e.V."]

1. d4 Nf6 2. c4 e6 3. Nf3 d5 4. cxd5 exd5 5. Qb3 c6 6. Nc3 Nbd7 7. Bf4 Be7 8.
e3 O-O 9. Be2 Re8 10. O-O Nh5 11. Be5 Nxe5 12. Nxe5 Nf6 13. Bd3 Bd6 14. f4 Ng4
15. Nxg4 Bxg4 16. e4 dxe4 17. Nxe4 Bc7 18. Ng5 Qxd4+ 19. Kh1 Be6 20. Bxh7+ Kh8
21. Nxf7+ Bxf7 22. Qh3 Qf6 23. Bg6+ Kg8 24. Qh7+ Kf8 25. Qh8+ Ke7 26. Rfe1+ Kd7
27. Rad1+ Bd6 28. Qh3+ Kc7 29. Bxf7 Rxe1+ 0-1

[Event "Solingen-ch"]
[Site "Solingen"]
[Date "2011.12.16"]
[Round "7.12"]
[White "Sherif, Amina"]
[Black "Duexmann, Marcel"]
[Result "1/2-1/2"]
[WhiteElo "1462"]
[BlackElo "1717"]
[PlyCount "106"]
[EventDate "2011.??.??"]
[WhiteTeam "Schachgesellschaft Solingen e.V."]
[BlackTeam "Schachclub Solingen 1928 e.V."]

1. e4 d6 2. d4 Nf6 3. Nc3 g6 4. Nf3 c6 5. Be2 Bg7 6. O-O O-O 7. h3 Qc7 8. Bf4
Nh5 9. Be3 e5 10. Qd2 Re8 11. Rfe1 Nf6 12. dxe5 dxe5 13. Rad1 Nbd7 14. a4 a6
15. Ra1 Bf8 16. Bd3 Nc5 17. Bg5 Nxd3 18. Qxd3 Nd7 19. Qd2 Nc5 20. Red1 Qb6 21.
Rab1 Qb4 22. b3 Nxe4 23. Nxe4 Qxe4 24. Re1 Qf5 25. Bh6 Bxh6 26. Qxh6 f6 27. Nd4
Qd7 28. Nf3 Qf7 29. Qd2 Bf5 30. Rbd1 b5 31. axb5 axb5 32. Qc3 Qc7 33. Qc5 Ra2
34. Nd4 Be6 35. Nxb5 Qe7 36. Nd6 Rc8 37. Re3 Rc7 38. c4 Rc2 39. Ne4 Qxc5 40.
Nxc5 Bf5 41. g4 Bc8 42. Red3 f5 43. Nd7 Bxd7 44. Rxd7 Rxd7 45. Rxd7 Rc3 46. Rd6
Rxb3 47. Rxc6 Rxh3 48. gxf5 gxf5 49. Rc5 Rc3 50. Rxe5 Rxc4 51. Rxf5 Kg7 52. Kg2
Kg6 53. Rf8 h5 1/2-1/2

[Event "Solingen-ch"]
[Site "Solingen"]
[Date "2011.12.16"]
[Round "7.13"]
[White "Kissing, Bastian"]
[Black "Porstmann, Jan"]
[Result "0-1"]
[WhiteElo "1658"]
[BlackElo "1616"]
[PlyCount "154"]
[EventDate "2011.??.??"]
[WhiteTeam "Schachclub Tornado Wuppertal 199"]
[BlackTeam "Schachgesellschaft Solingen e.V."]

1. e4 e6 2. d4 d5 3. Nc3 Nf6 4. e5 Nfd7 5. f4 c5 6. Nf3 Nc6 7. Be3 Be7 8. Qd2
O-O 9. O-O-O c4 10. b3 Qa5 11. Na4 Bb4 12. c3 Ba3+ 13. Kb1 b5 14. Nc5 Rb8 15.
b4 Qb6 16. Ne1 a5 17. Nc2 axb4 18. cxb4 Ra8 19. Qc3 Nxc5 20. dxc5 Qa6 21. Nxa3
Qxa3 22. Qxa3 Rxa3 23. Bc1 Ra4 24. a3 Bd7 25. Bb2 Rd8 26. Be2 Be8 27. Bf3 d4
28. Bxc6 Bxc6 29. Bxd4 Rxa3 30. Bb2 Rad3 31. Rxd3 Rxd3 32. Kc2 Bxg2 33. Rd1 Be4
34. Rxd3 cxd3+ 35. Kd2 Kf8 36. Ke3 Ke7 37. Bc3 Bf5 38. Bd2 Kd7 39. Kd4 Kc6 40.
Be3 Bg6 41. Bd2 f6 42. exf6 gxf6 43. Be3 Kd7 44. Bd2 Ke7 45. Ke3 e5 46. fxe5
fxe5 47. Kf2 Ke6 48. Ke3 Kd5 49. Kf3 Bf5 50. Ke3 Kc4 51. Be1 Kb3 52. Bd2 Kc2
53. Be1 Kb3 54. Bd2 Kb2 55. Be1 Kb3 56. Bd2 Kc4 57. Be1 Kd5 58. Bd2 Ke6 59. Kf3
Kf6 60. Bc1 Kg6 61. Kg3 Kh5 62. Be3 Be4 63. Bd2 Kg6 64. Kf2 Kf5 65. Ke3 Bc6 66.
Bc1 Kg4 67. Kf2 Kh3 68. Kg1 e4 69. Be3 Kg4 70. Kf2 h5 71. Bd2 Kf5 72. Kg3 Ke5
73. Kf2 Kd4 74. h4 Bb7 75. Bg5 Kc3 76. c6 Bxc6 77. Be7 d2 0-1

[Event "Solingen-ch"]
[Site "Solingen"]
[Date "2011.12.16"]
[Round "7.14"]
[White "Nguyen, Philipp"]
[Black "Sherif, Malik"]
[Result "1-0"]
[WhiteElo "1108"]
[BlackElo "1052"]
[PlyCount "113"]
[EventDate "2011.??.??"]
[WhiteTeam "Schachgesellschaft Solingen e.V."]
[BlackTeam "Schachgesellschaft Solingen e.V."]

1. e4 e5 2. Nf3 Nf6 3. Nxe5 d6 4. Nf3 Nxe4 5. d4 d5 6. Qe2 Qe7 7. Nbd2 Bf5 8.
Nxe4 Qxe4 9. c3 Qxe2+ 10. Bxe2 c5 11. O-O c4 12. b3 b5 13. b4 Be7 14. Bf4 Nd7
15. Ne5 Nxe5 16. Bxe5 f6 17. Bg3 O-O 18. Bf3 Rfd8 19. Rfe1 Kf7 20. a4 bxa4 21.
Rxa4 Be6 22. Bc7 Rd7 23. Ra6 Bf5 24. Bg3 Bd8 25. Bd6 Be6 26. Bc5 Bf5 27. b5 Rb8
28. Rxa7 Rxa7 29. Bxd5+ Kg6 30. Bxa7 Rxb5 31. Bxc4 Rb7 32. Bc5 Ba5 33. Rc1 Rb1
34. Rxb1 Bxb1 35. Bb4 Bxb4 36. cxb4 Bf5 37. f3 Bc8 38. Kf2 Kf5 39. Ke3 Bb7 40.
h4 h5 41. g3 Bc8 42. Bf7 g6 43. d5 Bd7 44. Kd4 Bc8 45. b5 Bd7 46. b6 Bc8 47. d6
g5 48. hxg5 fxg5 49. d7 Bxd7 50. b7 h4 51. b8=Q h3 52. g4+ Kf6 53. Bd5 h2 54.
Qxh2 Bxg4 55. fxg4 Kg6 56. Qh5+ Kf6 57. Qf7# 1-0